Federalismo fiscal
Spremljeno u:
| Glavni autor: | |
|---|---|
| Format: | Knjiga |
| Jezik: | španjolski |
| Izdano: |
Madrid
Instituto de Estudios de Administración Local
1977
|
| Serija: | Nuevo Urbanismo, 25
|
| Teme: | |
| Oznake: |
Dodaj oznaku
Bez oznaka, Budi prvi tko označuje ovaj zapis!
|
MARC
| LEADER | 00000nam a2200000 a 4500 | ||
|---|---|---|---|
| 001 | UCU2614 | ||
| 003 | CL-VaPUC | ||
| 008 | 960426e19770000SP |||||||||||||||||spa|d | ||
| 082 | 0 | 4 | |a 321.02 |b OAT |2 21 |
| 100 | |a Oates, Wallace E. |e autor |9 358918 | ||
| 245 | 1 | 0 | |a Federalismo fiscal |
| 300 | |a 323 p | ||
| 942 | |c BK | ||
| 945 | |d 19960426 00:00:00 |a paguirre | ||
| 260 | |a Madrid |b Instituto de Estudios de Administración Local |c 1977 | ||
| 650 | 0 | |a Federalismo |9 313886 | |
| 650 | 7 | |a FEDERACION |2 CL-VaPUC |9 358919 | |
| 650 | 0 | |a Gobierno |9 255508 | |
| 650 | 0 | |a Estado |9 255503 | |
| 650 | 0 | |a Ciencias Políticas |9 255201 | |
| 583 | |a last modification |c 19960426 00:00:00 |k Rodrigo Vera | ||
| 490 | 0 | |a Nuevo Urbanismo, 25 | |
| 999 | |c 246862 |d 246860 | ||
| 952 | |0 0 |1 0 |4 0 |6 321_020000000000000_OAT_1977 |7 0 |8 A |9 262190 |a BIBING |b BIBING |d 2019-11-19 |i 2018667 |o 321.02 OAT 1977 |p 2018667 |r 2025-01-20 |w 2019-11-19 |y BK |k GEO | ||